Statistics for Scottish Football quiz

Click here to take the quiz!

General Stats

  • This quiz has been taken 38 times
  • The average score is 2 of 16

Answer Stats

HintAnswer% Correct
Player with largest transfer fee paid by Scottish clubTore Andre Flo
59%
Oldest player to receive a Scottish full international capDavid Weir
49%
Player with largest transfer fee paid to a Scottish clubVictor Wanyama
19%
Player with most under 21 Scotland capsChristian Dailly
16%
Youngest player to debut in the SPLScott Robinson
11%
Player with most Scotland international caps but, never captained the national sideJohn Collins
11%
Oldest player to make Scottish full international debutRonnie Simpson
8%
Andy McLaren
8%
Only player to be top scorer in the Scottish top flight for three different teamsTommy Coyne
5%
Oldest player (at final match) in SPLAndy Millen
5%
Oldest stadium in SPFLCappielow
5%
Members of the 1989 under 16 World Cup squad to receive full international capsPaul Dickov
5%
Brian O'Neill
5%
Player with most appearances in SPLJames Fowler
3%
Smallest capacity stadium in SPFLExsel Group Stadium (Cliftonhill)
3%
Youngest Scottish full international goal scorerJohn Lambie (No. Not that one) ;)
3%

Score Distribution

Percentile by Number Answered

Percent of People with Each Score

Your Score History

You have not taken this quiz